The five language of apology : how to experience healing in all your relationships (Record no. 11538)

MARC details
000 -LEADER
fixed length control field 00590 a2200205 4500
001 - CONTROL NUMBER
control field 138772
003 - CONTROL NUMBER IDENTIFIER
control field OSt
005 - DATE AND TIME OF LATEST TRANSACTION
control field 20210921160356.0
008 - FIXED-LENGTH DATA ELEMENTS--GENERAL INFORMATION
fixed length control field
020 ## - INTERNATIONAL STANDARD BOOK NUMBER
International Standard Book Number 9788179929575
082 ## - DEWEY DECIMAL CLASSIFICATION NUMBER
Classification number 158.2
Item number C36F
100 1# - MAIN ENTRY--PERSONAL NAME
Personal name Chapman, Gary
245 1# - TITLE STATEMENT
Title The five language of apology : how to experience healing in all your relationships
Statement of responsibility, etc by Gary Chapman and Jennifer Thomas
260 ## - PUBLICATION, DISTRIBUTION, ETC. (IMPRINT)
Place of publication, distribution, etc Delhi
Name of publisher, distributor, etc Jaico Publishing
Date of publication, distribution, etc 2009
300 ## - PHYSICAL DESCRIPTION
Extent 280p.
630 ## - SUBJECT ADDED ENTRY--UNIFORM TITLE
Uniform title General Reference
630 ## - SUBJECT ADDED ENTRY--UNIFORM TITLE
Uniform title English literature
700 ## - ADDED ENTRY--PERSONAL NAME
Personal name Thomas, Jennifer
942 ## - ADDED ENTRY ELEMENTS (KOHA)
Source of classification or shelving scheme Dewey Decimal Classification
Koha item type Books
Holdings
Withdrawn status Lost status Source of classification or shelving scheme Damaged status Not for loan Collection code Home library Current library Date acquired Source of acquisition Cost, normal purchase price Full call number Barcode Date last seen Price effective from Koha item type
    Dewey Decimal Classification   Not For Loan Reference Books Central University Of Rajasthan Central University Of Rajasthan 12/03/2014 CLB 0.00 158.2 C36F 14438 21/11/2024 02/09/2020 Books